LEADER 01415nam2-2200421li-450 001 990000215580203316 005 20180312154819.0 010 $a3-540-18360-4 035 $a0021558 035 $aUSA010021558 035 $a(ALEPH)000021558USA01 035 $a0021558 100 $a20001109d1987----km-y0itay0103----ba 101 0 $aeng 102 $aGW 200 1 $aInvariant theory$fS. S. Koh (ed.) 210 $aBerlin [etc.]$cSpringer-Verlag$dcopyr. 1987 215 $a102 p.$cill.$d24 cm 225 2 $aLecture notes in mathematics$v1278 410 0$10010021263$12001$aLecture notes in mathematics$ea collection of informal reports and seminars$fedited by A. Dold, Heidelberg and B. Eckmann, Zürich 610 1 $aequazioni differenziali 610 1 $ageometria algebrica 610 1 $aGeometria combinatoria 676 $a51274$9Teoria dei numeri (Algebrica) 702 1$aKoh,$bSebastian S. 801 $aSistema bibliotecario di Ateneo dell' Università di Salerno$gRICA 912 $a990000215580203316 951 $a510 LNM (1278)$b0016232 CBS$c510$d00110374 959 $aBK 969 $aSCI 979 $c19941018 979 $c20001110$lUSA01$h1714 979 $aALANDI$b90$c20011130$lUSA01$h1550 979 $c20020403$lUSA01$h1629 979 $aPATRY$b90$c20040406$lUSA01$h1615 979 $aPATRY$b90$c20070716$lUSA01$h1627 996 $aInvariant theory$979955 997 $aUNISA LEADER 03120nam 2200709 450 001 9910459462503321 005 20200520144314.0 010 $a1-78539-569-6 010 $a1-63157-056-0 035 $a(CKB)3710000000229026 035 $a(EBL)1778603 035 $a(SSID)ssj0001540986 035 $a(PQKBManifestationID)11875829 035 $a(PQKBTitleCode)TC0001540986 035 $a(PQKBWorkID)11534288 035 $a(PQKB)10352056 035 $a(OCoLC)891574669 035 $a(CaBNVSL)swl00404011 035 $a(MiAaPQ)EBC1778603 035 $a(Au-PeEL)EBL1778603 035 $a(CaPaEBR)ebr10940902 035 $a(CaONFJC)MIL641183 035 $a(EXLCZ)993710000000229026 100 $a20140926d2014 fy 0 101 0 $aeng 135 $aur|n|---||||| 181 $ctxt 182 $cc 183 $acr 200 10$aSupply chain information technology /$fDavid L. Olson 205 $aSecond edition. 210 1$aNew York, New York (222 East 46th Street, New York, NY 10017) :$cBusiness Expert Press,$d2014. 215 $a1 online resource (138 p.) 225 1 $aSupply and operations management collection,$x2156-8200 300 $aPart of: 2014 digital library. 311 $a1-63157-055-2 320 $aIncludes bibliographical references (pages 119-121) and index. 327 $a1. Supply chain information systems -- 2. Development of ERP and SCM -- 3. Supply chain management software option -- 4. Business process reengineering in supply chains -- 5. System selection -- 6. Supply chain software installation project management -- 7. Recapitulation -- Notes -- References -- Index. 330 3 $aThe rapid growth in computer technology provides supply chain managers with valuable tools to better coordinate and control their operations. This book seeks to describe systems available to give supply chains information system support, demonstrating key tasks with demonstrated analytic techniques. This second edition is basically the same as the first edition, but with newer cases to demonstrate concepts. The target market for this book is practitioners in the supply chain management field, one of the fastest growing fields in our economy. 410 0$a2014 digital library. 410 0$aSupply and operations management collection.$x2156-8200 606 $aBusiness logistics$xData processing 608 $aElectronic books. 610 $aadvanced planning systems 610 $aenterprise resource planning systems 610 $ainformation systems 610 $ainformation technology 610 $amanufacturing execution systems 610 $amaterial requirements planning 610 $asupply chain management systems 610 $atransportation management systems 610 $awarehouse management systems 615 0$aBusiness logistics$xData processing. 676 $a658.7 700 $aOlson$b David Louis.$0477805 801 0$bMiAaPQ 801 1$bMiAaPQ 801 2$bMiAaPQ 906 $aBOOK 912 $a9910459462503321 996 $aSupply chain information technology$91945536 997 $aUNINA